World - Map Quiz - randomized - Statistics

General Stats
  • This quiz has been taken 8 times
  • The average score is 90 of 196
Answers on the Map
Answers color-coded by a green-red scale on the quiz's map according to % correct below.
 
Answer Stats
Answer % Correct
Afghanistan
86%
Albania
86%
Algeria
86%
Angola
71%
Argentina
71%
Armenia
71%
Australia
71%
Austria
71%
Azerbaijan
71%
Bangladesh
71%
Belgium
71%
Belize
71%
Bhutan
71%
Bolivia
71%
Bosnia and Herzegovina
71%
Brazil
71%
Bahamas
57%
Belarus
57%
Benin
57%
Bulgaria
57%
Cambodia
57%
Canada
57%
Central African Republic
57%
Chad
57%
Chile
57%
China
57%
Colombia
57%
Costa Rica
57%
Croatia
57%
Cuba
57%
Cyprus
57%
Czechia
57%
Denmark
57%
Dominican Republic
57%
D.R. Congo
57%
East Timor
57%
Ecuador
57%
Egypt
57%
El Salvador
57%
Estonia
57%
Netherlands
57%
Uganda
57%
Ukraine
57%
United Arab Emirates
57%
United Kingdom
57%
United States
57%
Uruguay
57%
Uzbekistan
57%
Venezuela
57%
Vietnam
57%
Yemen
57%
Zambia
57%
Zimbabwe
57%
Bahrain
43%
Botswana
43%
Brunei
43%
Burkina Faso
43%
Burundi
43%
Cameroon
43%
Cape Verde
43%
Comoros
43%
Djibouti
43%
Equatorial Guinea
43%
Eritrea
43%
Eswatini
43%
Ethiopia
43%
Fiji
43%
Finland
43%
France
43%
Gabon
43%
Georgia
43%
Germany
43%
Ghana
43%
Greece
43%
Guatemala
43%
Guinea
43%
Guinea-Bissau
43%
Guyana
43%
Haiti
43%
Honduras
43%
Hungary
43%
Iceland
43%
India
43%
Indonesia
43%
Iran
43%
Iraq
43%
Ireland
43%
Israel
43%
Italy
43%
Ivory Coast
43%
Jamaica
43%
Japan
43%
Jordan
43%
Kazakhstan
43%
Kenya
43%
Kiribati
43%
Kosovo
43%
Kuwait
43%
Kyrgyzstan
43%
Laos
43%
Latvia
43%
Lebanon
43%
Lesotho
43%
Liberia
43%
Libya
43%
Lithuania
43%
Luxembourg
43%
Madagascar
43%
Malawi
43%
Malaysia
43%
Maldives
43%
Mali
43%
Malta
43%
Marshall Islands
43%
Mauritania
43%
Mauritius
43%
Mexico
43%
Moldova
43%
Mongolia
43%
Montenegro
43%
Morocco
43%
Mozambique
43%
Myanmar
43%
Namibia
43%
Nauru
43%
Nepal
43%
New Zealand
43%
Nicaragua
43%
Niger
43%
Nigeria
43%
North Korea
43%
North Macedonia
43%
Norway
43%
Oman
43%
Pakistan
43%
Palau
43%
Panama
43%
Papua New Guinea
43%
Paraguay
43%
Peru
43%
Philippines
43%
Poland
43%
Portugal
43%
Qatar
43%
R. Congo
43%
Romania
43%
Russia
43%
Rwanda
43%
São Tomé and Príncipe
43%
Saudi-Arabia
43%
Senegal
43%
Serbia
43%
Seychelles
43%
Sierra Leone
43%
Slovakia
43%
Slovenia
43%
Solomon Islands
43%
Somalia
43%
South Africa
43%
South Korea
43%
South Sudan
43%
Spain
43%
Sri Lanka
43%
Sudan
43%
Suriname
43%
Sweden
43%
Switzerland
43%
Syria
43%
Taiwan
43%
Tajikistan
43%
Tanzania
43%
Thailand
43%
Togo
43%
Tonga
43%
Trinidad and Tobago
43%
Tunisia
43%
Turkey
43%
Turkmenistan
43%
Tuvalu
43%
Vanuatu
43%
Barbados
29%
Gambia
29%
Micronesia
29%
Samoa
29%
Singapore
29%
Andorra
14%
Antigua and Barbuda
14%
Dominica
14%
Grenada
14%
Monaco
14%
Saint Kitts and Nevis
14%
Saint Lucia
14%
Saint Vincent and the Grenadines
14%
San Marino
14%
Vatican City
14%
Liechtenstein
0%
No matching quizzes found
Score Distribution
Percent of People with Each Score
Percentile by Number Answered
Your Score History
You have not taken this quiz